[Event "EU-chT Seniors 65"]
[Site "Novi Sad"]
[Date "2017.06.25"]
[Round "1.2"]
[White "Vucenovic, Dragomir"]
[Black "Ilijc, Milan"]
[Result "1/2-1/2"]
[WhiteElo "2254"]
[BlackElo "2131"]
[PlyCount "145"]
[EventDate "2017.06.25"]
[EventType "team-tourn"]
[EventRounds "9"]
[EventCountry "SRB"]
[SourceTitle "CBM 179 Extra"]
[Source "ChessBase"]
[SourceDate "2017.08.23"]
[SourceVersion "1"]
[SourceVersionDate "2017.08.23"]
[SourceQuality "1"]
[WhiteTeam "Switzerland 65"]
[BlackTeam "Serbia Gerontologic Centar 65"]
[WhiteTeamCountry "SUI"]
[BlackTeamCountry "SRB"]

1. Nf3 g6 2. d4 Bg7 3. g3 b6 4. Bg2 Bb7 5. 0-0 Nf6 6. c4 0-0 7. Nc3 d6 8. Qc2 Nbd7 9. Rd1 Re8 10. h3 e6 11. e4 e5 12. dxe5 dxe5 13. Be3 Qe7 14. Nd5 Nxd5 15. cxd5 Rac8 16. Rac1 c6 17. d6 Qf8 18. b4 Red8 19. h4 f6 20. Bf1 c5 21. Bc4+ Kh8 22. b5 h6 23. h5 g5 24. Be6 Qe8 25. Bf5 Qxh5 26. Kg2 Qf7 27. Qc4 Qxc4 28. Rxc4 Ra8 29. Rh1 a6 30. a4 axb5 31. axb5 Nf8 32. d7 Nxd7 33. Nxg5 fxg5 34. Bxg5 Nf8 35. Bxh6 Kg8 36. Rh4 Rd6 37. Bxg7 Kxg7 38. Rc1 Ra5 39. Rch1 Rxb5 40. Rh7+ Nxh7 41. Rxh7+ Kf6 42. Rh6+ Ke7 43. Rh7+ Kd8 44. Rxb7 Rb2 45. Kf3 Rdd2 46. Kg4 c4 47. f4 c3 48. fxe5 Rb5 49. Rb8+ Ke7 50. Rb7+ Kd8 51. Rb8+ Kc7 52. Rc8+ Kb7 53. Rxc3 Rxe5 54. Kf4 Rc5 55. Re3 Kc7 56. g4 b5 57. g5 Rf2+ 58. Kg4 Kd6 59. g6 Rg2+ 60. Kf4 Ke7 61. Rd3 Rc7 62. Rh3 Rc1 63. Rh7+ Kf8 64. Rf7+ Kg8 65. Rb7 Rc6 66. Rxb5 Rcxg6 67. Bxg6 Rxg6 68. Kf5 Rh6 69. Rb7 Kf8 70. Kg5 Ra6 71. e5 Ke8 72. Kf5 Rc6 73. e6 1/2-1/2

[Event "WchT Seniors 65"]
[Site "Hersonissos"]
[Date "2017.05.02"]
[Round "9.1"]
[White "Vucenovic, Dragomir"]
[Black "Stokes, Michael"]
[Result "1/2-1/2"]
[WhiteElo "2274"]
[BlackElo "2223"]
[PlyCount "141"]
[EventDate "2017.04.24"]
[EventType "team-swiss"]
[EventRounds "9"]
[EventCountry "GRE"]
[SourceTitle "CBM 178 Extra"]
[Source "ChessBase"]
[SourceDate "2017.06.22"]
[SourceVersion "1"]
[SourceVersionDate "2017.06.22"]
[SourceQuality "1"]
[WhiteTeam "Switzerland"]
[BlackTeam "England"]
[WhiteTeamCountry "SUI"]
[BlackTeamCountry "ENG"]

1. d4 Nf6 2. Nf3 g6 3. g3 Bg7 4. Bg2 0-0 5. 0-0 d6 6. c4 Re8 7. Nc3 Bg4 8. Re1 Na6 9. Qb3 Rb8 10. Be3 c6 11. Rad1 Qa5 12. d5 Nd7 13. Bd2 Ndc5 14. Qc2 Nb4 15. Qb1 Bf5 16. e4 Bg4 17. a3 Nbd3 18. Re3 Ne5 19. b4 Qxa3 20. bxc5 Nxc4 21. Rd3 Nb2 22. Bc1 Bxc3 23. R1d2 Qb4 24. Rxc3 Qxc3 25. Bxb2 Qxc5 26. Bd4 Qc4 27. Bf1 Qa4 28. Ra2 Qxa2 29. Qxa2 Bxf3 30. Bg2 Bxg2 31. Kxg2 c5 32. Bb2 b5 33. Qxa7 b4 34. Qa6 Rec8 35. Qc4 f6 36. e5 fxe5 37. f4 exf4 38. gxf4 Rf8 39. Kg3 Rf7 40. h4 Rf5 41. Qe4 Kf8 42. Qc4 Ke8 43. Qa6 Kf7 44. Qa7 Re8 45. Qb7 Rf8 46. Bc1 Re8 47. Kf3 Kf8 48. Bb2 Rf7 49. Qc7 Rf5 50. Qb7 Rf7 51. Qd7 Ra8 52. h5 gxh5 53. Ke4 Kg8 54. Qh3 c4 55. Bd4 c3 56. Kd3 Rxf4 57. Qxh5 Rf7 58. Qh3 Rb8 59. Ba7 Ra8 60. Qg4+ Rg7 61. Qe6+ Kf8 62. Bd4 Rg6 63. Qh3 Kg8 64. Kc2 h6 65. Kb3 Rb8 66. Qf5 Rf6 67. Bxf6 exf6 68. Qg6+ Kf8 69. Qxf6+ Kg8 70. Qg6+ Kh8 71. Qxd6 1/2-1/2

[Event "WchT Seniors 65"]
[Site "Hersonissos"]
[Date "2017.04.26"]
[Round "3.1"]
[White "Vucenovic, Dragomir"]
[Black "Algars, Olle"]
[Result "1/2-1/2"]
[WhiteElo "2274"]
[BlackElo "1980"]
[PlyCount "108"]
[EventDate "2017.04.24"]
[EventType "team-swiss"]
[EventRounds "9"]
[EventCountry "GRE"]
[SourceTitle "CBM 178 Extra"]
[Source "ChessBase"]
[SourceDate "2017.06.22"]
[SourceVersion "1"]
[SourceVersionDate "2017.06.22"]
[SourceQuality "1"]
[WhiteTeam "Switzerland"]
[BlackTeam "Sweden III"]
[WhiteTeamCountry "SUI"]
[BlackTeamCountry "SWE"]

1. c4 c5 2. g3 g6 3. Nc3 Bg7 4. Bg2 Nc6 5. Nf3 e6 6. 0-0 Nge7 7. d3 0-0 8. Bg5 h6 9. Bd2 d5 10. Rb1 b6 11. a3 Bb7 12. b4 dxc4 13. dxc4 cxb4 14. axb4 Nf5 15. Qc1 Kh7 16. c5 Ne5 17. Ng5+ hxg5 18. Bxb7 Rb8 19. c6 Nd4 20. Bxg5 Qc7 21. b5 Rxb7 22. cxb7 Qxc3 23. Qxc3 Nxe2+ 24. Kg2 Nxc3 25. Rb3 Ne4 26. f4 Nd7 27. Ra3 Rb8 28. Rxa7 Ndc5 29. Be7 Rxb7 30. Rxb7 Nxb7 31. Rd1 Nec5 32. g4 f6 33. Bxc5 Nxc5 34. Rd6 Na4 35. Rxe6 f5 36. gxf5 gxf5 37. Kg3 Kg8 38. Kh4 Kf7 39. Rc6 Bd4 40. Kg5 Nc3 41. Kxf5 Nxb5 42. Ke4 Bc5 43. h4 Nc3+ 44. Ke5 Ne2 45. h5 Kg7 46. f5 Bd4+ 47. Ke4 Bc5 48. Rg6+ Kh7 49. f6 Nc3+ 50. Ke5 Bf8 51. Ke6 Ne4 52. f7 Nc5+ 53. Kf5 Nd7 54. Ke6 Nc5+ 1/2-1/2

[Event "WchT Seniors 65"]
[Site "Radebeul"]
[Date "2016.06.27"]
[Round "2.1"]
[White "Vucenovic, Dragomir"]
[Black "Sveshnikov, Evgeny"]
[Result "1/2-1/2"]
[WhiteElo "2264"]
[BlackElo "2509"]
[PlyCount "97"]
[EventDate "2016.06.26"]
[EventType "team-swiss"]
[EventRounds "9"]
[EventCountry "GER"]
[SourceTitle "CBM 173 Extra"]
[Source "ChessBase"]
[SourceDate "2016.08.29"]
[SourceVersion "1"]
[SourceVersionDate "2016.08.29"]
[SourceQuality "1"]
[WhiteTeam "Switzerland"]
[BlackTeam "Russia 65+"]
[WhiteTeamCountry "SUI"]
[BlackTeamCountry "RUS"]

1. d4 d5 2. Nf3 Nf6 3. g3 c5 4. Bg2 Nc6 5. 0-0 cxd4 6. Nxd4 e6 7. c4 Be7 8. Nc3 0-0 9. cxd5 exd5 10. b3 Bg4 11. Bb2 Qd7 12. Rc1 Rac8 13. Qd2 Rfe8 14. Rfe1 Bb4 15. Nxc6 bxc6 16. a3 Bxc3 17. Bxc3 Ne4 18. Bxe4 dxe4 19. Qxd7 Bxd7 20. Bd4 a5 21. f4 exf3 22. exf3 Be6 23. b4 axb4 24. axb4 Red8 25. Red1 f6 26. Be3 Rxd1+ 27. Rxd1 Ra8 28. Kf2 Bd5 29. g4 Kf7 30. Rd2 Ke6 31. Bc5 Ra3 32. Re2+ Kf7 33. Re3 Ra2+ 34. Re2 Ra8 35. h4 h6 36. h5 Be6 37. Kg3 Ra3 38. Re3 Ra2 39. Kf4 Ra8 40. Rd3 Re8 41. Ra3 g5+ 42. hxg6+ Kxg6 43. Re3 h5 44. gxh5+ Kxh5 45. Re1 Kg6 46. Re3 Kf7 47. Ra3 Bd5 48. Re3 Rxe3 49. Kxe3 1/2-1/2

[Event "EU-chT Seniors 65"]
[Site "Chalkidiki"]
[Date "2016.04.20"]
[Round "2.1"]
[White "Vucenovic, Dragomir"]
[Black "Hammar, Bengt Erik"]
[Result "1-0"]
[WhiteElo "2243"]
[BlackElo "2168"]
[PlyCount "79"]
[EventDate "2016.04.19"]
[EventType "team-tourn"]
[EventRounds "9"]
[EventCountry "GRE"]
[SourceTitle "CBM 172 Extra"]
[Source "ChessBase"]
[SourceDate "2016.06.21"]
[SourceVersion "1"]
[SourceVersionDate "2016.06.21"]
[SourceQuality "1"]
[WhiteTeam "Switzerland"]
[BlackTeam "Sweden"]
[WhiteTeamCountry "SUI"]
[BlackTeamCountry "SWE"]

1. d4 Nf6 2. Nf3 g6 3. g3 Bg7 4. Bg2 0-0 5. 0-0 d6 6. c4 Nbd7 7. Nc3 e5 8. h3 c6 9. e4 Qe7 10. Re1 Ne8 11. Be3 f5 12. dxe5 dxe5 13. exf5 gxf5 14. Nh2 Qf7 15. Qe2 f4 16. Bd2 Nd6 17. Ne4 Nxe4 18. Bxe4 Nc5 19. g4 Nxe4 20. Qxe4 Be6 21. Nf3 h6 22. Bc3 Bxc4 23. Nxe5 Bxe5 24. Qxe5 Kh7 25. Qe4+ Kg8 26. Qd4 Kh7 27. Re5 Bd5 28. Rae1 Qg6 29. Re7+ Rf7 30. Qxf4 Raf8 31. Qd4 b6 32. f4 Bxa2 33. f5 Qg5 34. h4 Qxe7 35. Rxe7 Rxe7 36. g5 hxg5 37. hxg5 Rxf5 38. Qh8+ Kg6 39. Qh6+ Kf7 40. Qh7+ 1-0

[Event "EU-chT Seniors"]
[Site "Vienna"]
[Date "2015.07.20"]
[Round "9.10"]
[White "Zunker, Reinhard"]
[Black "Vucenovic, Dragomir"]
[Result "1/2-1/2"]
[WhiteElo "2153"]
[BlackElo "2229"]
[PlyCount "49"]
[EventDate "2015.07.12"]
[EventType "team-swiss"]
[EventRounds "9"]
[EventCountry "AUT"]
[SourceTitle "EXT 2018"]
[Source "ChessBase"]
[SourceDate "2017.10.13"]
[SourceVersion "1"]
[SourceVersionDate "2017.10.13"]
[SourceQuality "1"]
[WhiteTeam "Hessen II"]
[BlackTeam "Switzerland"]
[WhiteTeamCountry "GER"]
[BlackTeamCountry "SUI"]

1. Nf3 d5 2. g3 Nf6 3. Bg2 Bf5 4. d3 h6 5. c4 dxc4 6. Qa4+ c6 7. Qxc4 Nbd7 8. 0-0 e5 9. b3 Bd6 10. Bb2 0-0 11. Nbd2 Re8 12. Rad1 Rc8 13. Qc1 b5 14. Rfe1 Bf8 15. Qa1 Qc7 16. Rc1 Qb8 17. Nh4 Bh7 18. Rxc6 Rxc6 19. Bxc6 Qb6 20. Be4 Bxe4 21. dxe4 Bb4 22. Nhf3 Nc5 23. Bxe5 Ncxe4 24. Nxe4 Nxe4 25. Bd4 1/2-1/2